Denzel Curry Songs - Statistics

General Stats
  • This quiz has been taken 211 times
    129 since last reset
  • The average score is 31 of 108
Answer Stats
Hint Answer % Correct
Imperial ULT
82%
Melt My Eyez See Your Future Walkin
71%
TA13OO TABOO | TA13OO
69%
Melt My Eyez See Your Future Melt Session #1
66%
ZUU ZUU
66%
32 Zel/Planet Shrooms Ultimate
65%
TA13OO BLACK BALLOONS | 13LACK 13ALLOONZ
63%
TA13OO CLOUT COBAIN | CLOUT CO13A1N
61%
TA13OO SIRENS | Z1RENZ
60%
ZUU RICKY
57%
Melt My Eyez See Your Future X-WING
52%
ZUU WISH
51%
KING OF THE MISCHIEVOUS SOUTH BLACK FLAG FREESTYLE
49%
TA13OO BLACK METAL TERRORIST | 13 M T
49%
TA13OO VENGEANCE | VENGEANCE
49%
ZUU SPEEDBOAT
48%
UNLOCKED DIET_
47%
KING OF THE MISCHIEVOUS SOUTH HOT ONE
47%
TA13OO SUMO | ZUMO
46%
TA13OO THE BLACKEST BALLOON | THE 13LACKEZT 13ALLOON
46%
ZUU BIRDZ
42%
TA13OO CASH MANIAC | CAZH MAN1AC
42%
TA13OO PERCS | PERCZ
42%
Melt My Eyez See Your Future Sanjuro
42%
Melt My Eyez See Your Future Troubles
42%
KING OF THE MISCHIEVOUS SOUTH SKED
41%
KING OF THE MISCHIEVOUS SOUTH COLE PIMP
40%
Imperial Gook
39%
Melt My Eyez See Your Future John Wayne
39%
KING OF THE MISCHIEVOUS SOUTH HOODLUMZ
37%
KING OF THE MISCHIEVOUS SOUTH STILL IN THE PAINT
37%
KING OF THE MISCHIEVOUS SOUTH WISHLIST
37%
Melt My Eyez See Your Future Zatoichi
37%
Imperial Zenith
37%
Melt My Eyez See Your Future Ain't No Way
36%
Imperial If Tomorrow's Not Here
36%
Melt My Eyez See Your Future Angelz
35%
TA13OO SUPER SAIYAN SUPERMAN | ZUPER ZA1YAN ZUPERMAN
35%
TA13OO SWITCH IT UP | ZWITCH 1T UP
35%
Melt My Eyez See Your Future The Ills
35%
KING OF THE MISCHIEVOUS SOUTH ULTRA SHXT
35%
Melt My Eyez See Your Future Worst Comes To Worst
35%
TA13OO MAD I GOT IT | MAD 1 GOT 1T
33%
KING OF THE MISCHIEVOUS SOUTH SET IT
33%
Imperial Knotty Head
31%
Melt My Eyez See Your Future The Last
31%
Imperial This Life
31%
KING OF THE MISCHIEVOUS SOUTH G'Z UP
29%
KING OF THE MISCHIEVOUS SOUTH HIT THE FLOOR
29%
Melt My Eyez See Your Future Mental
29%
ZUU SHAKE 88
28%
Melt My Eyez See Your Future The Smell Of Death
28%
ZUU AUTOMATIC
27%
Imperial Good Night
27%
Nostalgic 64 Intro
27%
KING OF THE MISCHIEVOUS SOUTH P.O.P.
27%
Imperial Story: No Title
25%
ZUU YOO
24%
KING OF THE MISCHIEVOUS SOUTH GOT ME GEEKED
23%
32 Zel/Planet Shrooms Lord Vader Kush II
23%
ZUU P.A.T.
23%
UNLOCKED Pyro (leak 2019)
23%
Imperial Sick & Tired
23%
UNLOCKED Track 01
23%
KING OF THE MISCHIEVOUS SOUTH ACT A DAMN FOOL
22%
Imperial Me Now
22%
32 Zel/Planet Shrooms Ice Age
20%
KING OF THE MISCHIEVOUS SOUTH ANOTHA LATE NITE
19%
ZUU CAROLMART
19%
UNLOCKED 'Cosmic'.m4a
18%
KING OF THE MISCHIEVOUS SOUTH LUNATIC INTERLUDE
18%
ZUU BLACKLAND 66.6
17%
ZUU BUSHY B INTERLUDE
17%
KING OF THE MISCHIEVOUS SOUTH KOTMS II INTRO
16%
KING OF THE MISCHIEVOUS SOUTH KOTMS II OUTRO
16%
UNLOCKED Take_it_Back_v2
16%
KING OF THE MISCHIEVOUS SOUTH HEADCRACK INTERLUDE
14%
UNLOCKED Lay_Up.m4a
14%
UNLOCKED So.Incredible.pkg
14%
32 Zel/Planet Shrooms Planet Shrooms II
13%
UNLOCKED Track07
13%
32 Zel/Planet Shrooms 32 Ave Intro
12%
32 Zel/Planet Shrooms Chief Forever
12%
13 Bloodshed
11%
32 Zel/Planet Shrooms Delusional Shone
11%
32 Zel/Planet Shrooms Envy Me
11%
13 Hate Government
11%
13 Equalizer
10%
13 Zeltron 6 Billion
10%
13 Heartless
8%
Nostalgic 64 Threatz
8%
Nostalgic 64 Parents
7%
Nostalgic 64 A Day In The Life of Denzel Curry Pt. 2
6%
Nostalgic 64 Denny Cascade
6%
Nostalgic 64 Mystical Virus, Pt. 3:The Scream
6%
Nostalgic 64 N64
6%
Nostalgic 64 Talk That Shit
6%
32 Zel/Planet Shrooms Void
6%
Nostalgic 64 Zone 3
6%
Nostalgic 64 Benz
5%
32 Zel/Planet Shrooms Bwoii
5%
32 Zel/Planet Shrooms Captain Sea Fonk
5%
Nostalgic 64 Dark & Violent
5%
Nostalgic 64 Like Me
5%
32 Zel/Planet Shrooms Underwater
5%
Nostalgic 64 Widescreen
5%
32 Zel/Planet Shrooms Past The Wudz Intro
4%
32 Zel/Planet Shrooms Smoke 2049
4%
No matching quizzes found
Score Distribution
Percent of People with Each Score
Percentile by Number Answered
Your Score History
You have not taken this quiz since the last reset